| 000 | 01287cam a22003374a 4500 | ||
|---|---|---|---|
| 001 | 14852708 | ||
| 003 | OSt | ||
| 005 | 20140310182747.0 | ||
| 008 | 070516s2006 maua b 001 0 eng | ||
| 010 | _a 2007275404 | ||
| 020 | _a9789814227230 | ||
| 040 |
_aDLC _cDLC _dDLC |
||
| 042 | _apcc | ||
| 050 | 0 | 0 |
_aQA 76.76.O63 _b.F598 2007 |
| 100 | 1 |
_aFlynn, Ida M., _d1942- |
|
| 245 | 1 | 0 |
_aUnderstanding operating systems / _cIda M. Flynn, Ann McIver McHoes. |
| 250 | _a4th ed. | ||
| 260 |
_aBoston, Mass. : _bThomson Course Technology, _c2007. |
||
| 300 |
_a555 p. : _bill. ; _c25 cm. |
||
| 521 | _aIT | ||
| 562 | _eFor Circulation. 1 Copy Available in the Collection | ||
| 650 | 0 | _aOperating systems (Computers) | |
| 700 | 1 |
_aMcHoes, Ann McIver, _d1950- |
|
| 856 | 4 | 2 |
_3Contributor biographical information _uhttp://www.loc.gov/catdir/enhancements/fy1103/2007275404-b.html |
| 856 | 4 | 2 |
_3Publisher description _uhttp://www.loc.gov/catdir/enhancements/fy1103/2007275404-d.html |
| 856 | 4 | 1 |
_3Table of contents only _uhttp://www.loc.gov/catdir/enhancements/fy1103/2007275404-t.html |
| 906 |
_a7 _bcbc _corigcop _d2 _encip _f20 _gy-gencatlg |
||
| 942 |
_2lcc _cBK _kFOR |
||
| 999 |
_c15685 _d15685 |
||